<?xml version="1.0" encoding="UTF-8"?><?xml-stylesheet type="text/xsl" href="static/style.xsl"?><OAI-PMH xmlns="http://www.openarchives.org/OAI/2.0/" xmlns:xsi="http://www.w3.org/2001/XMLSchema-instance" xsi:schemaLocation="http://www.openarchives.org/OAI/2.0/ http://www.openarchives.org/OAI/2.0/OAI-PMH.xsd"><responseDate>2026-04-14T17:44:23Z</responseDate><request verb="GetRecord" identifier="oai:uvadoc.uva.es:10324/62013" metadataPrefix="marc">https://uvadoc.uva.es/oai/request</request><GetRecord><record><header><identifier>oai:uvadoc.uva.es:10324/62013</identifier><datestamp>2025-01-30T09:43:07Z</datestamp><setSpec>com_10324_38</setSpec><setSpec>col_10324_787</setSpec></header><metadata><record xmlns="http://www.loc.gov/MARC21/slim" xmlns:doc="http://www.lyncode.com/xoai" xmlns:xsi="http://www.w3.org/2001/XMLSchema-instance" xmlns:dcterms="http://purl.org/dc/terms/" xsi:schemaLocation="http://www.loc.gov/MARC21/slim http://www.loc.gov/standards/marcxml/schema/MARC21slim.xsd">
<leader>00925njm 22002777a 4500</leader>
<datafield tag="042" ind1=" " ind2=" ">
<subfield code="a">dc</subfield>
</datafield>
<datafield tag="720" ind1=" " ind2=" ">
<subfield code="a">Aguilar Vida, Rosa María</subfield>
<subfield code="e">author</subfield>
</datafield>
<datafield tag="260" ind1=" " ind2=" ">
<subfield code="c">2023</subfield>
</datafield>
<datafield tag="520" ind1=" " ind2=" ">
<subfield code="a">Este Proyecto Fin de Máster analiza la relación entre la construcción socio cultural de la&#xd;
masculinidad patriarcal con el consumo de pornografía hegemónica y prostitución como forma de&#xd;
confirmación de la masculinidad patriarcal.&#xd;
Diversas investigaciones señalan la importancia de abordar la construcción de la sexualidad en&#xd;
edades tempranas, por lo que, la propuesta de intervención está basada en la educación afectivo&#xd;
sexual. Esta constituye un método para la formación integral de la adolescencia a través de una&#xd;
metodología participativa y dinámica que promueva la reflexión crítica para favorecer un cambio en&#xd;
el sistema de relaciones de género basadas en la dominación patriarcal, el androcentrismo sexual y&#xd;
la violencia.</subfield>
</datafield>
<datafield tag="024" ind2=" " ind1="8">
<subfield code="a">https://uvadoc.uva.es/handle/10324/62013</subfield>
</datafield>
<datafield tag="245" ind1="0" ind2="0">
<subfield code="a">Educación afectivo sexual como instrumento de prevención del consumo de pornografía y prostitución entre adolescentes.</subfield>
</datafield>
</record></metadata></record></GetRecord></OAI-PMH>